[Event "Lisbon Christmas op"]
[Site "Lisbon"]
[Date "2014.12.29"]
[Round "7"]
[White "Garnacho Velasco, Eduardo"]
[Black "Margarido, Jose Miguel Teixeir"]
[Result "0-1"]
[WhiteElo "1775"]
[BlackElo "2019"]
[PlyCount "66"]
[EventDate "2014.12.26"]
[EventType "swiss"]
[EventRounds "9"]
[EventCountry "POR"]
[SourceTitle "EXT 2018"]
[Source "ChessBase"]
[SourceDate "2017.10.13"]
[SourceVersion "1"]
[SourceVersionDate "2017.10.13"]
[SourceQuality "1"]

1. e4 c5 2. Nf3 e6 3. d4 cxd4 4. Nxd4 Nc6 5. Nc3 Qc7 6. Ndb5 Qb8 7. Be2 a6 8. Nd4 Nf6 9. 0-0 Be7 10. Nxc6 bxc6 11. f4 d5 12. e5 Nd7 13. Qd3 0-0 14. Qh3 Re8 15. Bd3 g6 16. Rf3 c5 17. Qh6 Bf8 18. Qh4 Be7 19. Qh6 Nf8 20. Rh3 Bb7 21. b3 Qc7 22. Ba3 Bc6 23. Nd1 f5 24. Be2 Qa5 25. b4 cxb4 26. Bb2 Qc5+ 27. Ne3 d4 28. Bh5 Red8 29. Bxg6 hxg6 30. Nxf5 exf5 31. e6 Bf6 32. Rg3 Qe7 33. Re1 Be4 0-1

[Event "Lisbon Christmas op"]
[Site "Lisbon"]
[Date "2014.12.28"]
[Round "5"]
[White "Garnacho Velasco, Eduardo"]
[Black "Kolar, Jelena"]
[Result "0-1"]
[WhiteElo "1775"]
[BlackElo "2034"]
[PlyCount "86"]
[EventDate "2014.12.26"]
[EventType "swiss"]
[EventRounds "9"]
[EventCountry "POR"]
[SourceTitle "EXT 2018"]
[Source "ChessBase"]
[SourceDate "2017.10.13"]
[SourceVersion "1"]
[SourceVersionDate "2017.10.13"]
[SourceQuality "1"]

1. e4 e5 2. Nf3 Nc6 3. Bc4 Bc5 4. c3 Nf6 5. d3 d6 6. Nbd2 Bb6 7. h3 0-0 8. Bb3 Be6 9. Nf1 Bxb3 10. axb3 Nh5 11. Bg5 f6 12. Be3 Nf4 13. Bxf4 exf4 14. Qd2 f5 15. 0-0-0 fxe4 16. dxe4 Qe7 17. Qd5+ Kh8 18. h4 Bxf2 19. h5 Rae8 20. N1d2 Qf7 21. h6 g6 22. Qb5 Be3 23. Kb1 Bb6 24. Rhe1 Ne5 25. Nc4 Nxc4 26. bxc4 a6 27. Qa4 Be3 28. e5 dxe5 29. Rd7 Qf5+ 30. Ka1 e4 31. Rd5 Qf6 32. Ng5 c6 33. Ra5 b5 34. cxb5 axb5 35. Nxe4 bxa4 36. Nxf6 Rxf6 37. g3 Kg8 38. gxf4 Rxf4 39. Ra7 Rfe4 40. Rc7 Bxh6 41. Rxe4 Rxe4 42. Rxc6 Be3 43. Ka2 g5 0-1

[Event "Lisbon Christmas op"]
[Site "Lisbon"]
[Date "2014.12.28"]
[Round "4"]
[White "Mehringer, Joerg"]
[Black "Garnacho Velasco, Eduardo"]
[Result "0-1"]
[WhiteElo "1969"]
[BlackElo "1775"]
[PlyCount "80"]
[EventDate "2014.12.26"]
[EventType "swiss"]
[EventRounds "9"]
[EventCountry "POR"]
[SourceTitle "EXT 2018"]
[Source "ChessBase"]
[SourceDate "2017.10.13"]
[SourceVersion "1"]
[SourceVersionDate "2017.10.13"]
[SourceQuality "1"]

1. e4 d5 2. exd5 Qxd5 3. Nc3 Qa5 4. d4 Nf6 5. Bc4 c6 6. Bd2 Bg4 7. Nge2 e6 8. 0-0 Qc7 9. f3 Bf5 10. Bf4 Bd6 11. Bxd6 Qxd6 12. Ng3 Bg6 13. Nce4 Qf4 14. Nxf6+ Qxf6 15. c3 Nd7 16. Qd2 0-0 17. Ne4 Qe7 18. Qf4 Nb6 19. Bb3 Rfd8 20. Rfe1 Rac8 21. Ng5 Nd5 22. Qg3 Qf6 23. Rad1 h6 24. Ne4 Qf4 25. Qf2 Qc7 26. Ng3 e5 27. Bc2 Bxc2 28. Qxc2 c5 29. Qf2 c4 30. Ne4 b5 31. Nc5 b4 32. Qd2 Qb6 33. Qc2 Qb5 34. a3 b3 35. Qe4 Nf6 36. Qb7 Rxc5 37. dxc5 Qxb7 38. Rxd8+ Kh7 39. Rd6 Qc7 40. Rxe5 Nd7 0-1

[Event "Huarte Puente Foral op 8th"]
[Site "Huarte"]
[Date "2013.12.07"]
[Round "6"]
[White "Aristu Garde, Jon"]
[Black "Garnacho Velasco, Eduardo"]
[Result "0-1"]
[WhiteElo "1529"]
[BlackElo "1771"]
[PlyCount "102"]
[EventDate "2013.12.03"]
[EventType "swiss"]
[EventRounds "7"]
[EventCountry "ESP"]
[SourceTitle "EXT 2016"]
[Source "ChessBase"]
[SourceDate "2015.10.08"]
[SourceVersion "1"]
[SourceVersionDate "2015.10.08"]
[SourceQuality "1"]

1. e4 d5 2. exd5 Qxd5 3. Nc3 Qa5 4. g3 Nf6 5. Bg2 c6 6. Nf3 Bg4 7. 0-0 e6 8. a3 Nbd7 9. Qe1 Be7 10. d3 0-0 11. h3 Bxf3 12. Bxf3 Qf5 13. Bg2 h6 14. Qe3 Bc5 15. Qf4 Qxf4 16. Bxf4 Nh5 17. Bd2 Nxg3 18. Rfe1 Nf5 19. Ne4 Be7 20. Bc3 Nc5 21. Nxc5 Bxc5 22. Be4 Nd6 23. Bg2 Nb5 24. Bd2 Rad8 25. Be3 Bxe3 26. fxe3 Nd6 27. a4 g5 28. a5 Rc8 29. Ra4 f5 30. Rd4 Rfd8 31. Rf1 Nf7 32. Rb4 Nd6 33. Rd4 a6 34. e4 e5 35. Rb4 f4 36. Bf3 Rb8 37. Kh2 Kf7 38. Rg1 Kf6 39. h4 Nb5 40. hxg5+ hxg5 41. Kg2 Rh8 42. Ra4 Rh7 43. Raa1 Rbh8 44. Rh1 Rxh1 45. Rxh1 Rxh1 46. Kxh1 Nd4 47. Bd1 f3 48. c3 Ne2 49. d4 g4 50. d5 g3 51. d6 g2+ 0-1